En la escuela : (Record no. 92284)

MARC details
000 -CABECERA
campo de control de longitud fija 00767nam a2200217 a 4500
005 - FECHA Y HORA DE LA ÚLTIMA TRANSACCIÓN
campo de control 20250116063815.0
008 - ELEMENTOS DE LONGITUD FIJA--INFORMACIÓN GENERAL
campo de control de longitud fija 021007s1998 ag r 000 0 spa d
020 ## - NÚMERO INTERNACIONAL NORMALIZADO PARA LIBROS
Número Internacional Estándar del Libro 9500383802
035 ## - NÚMERO DE CONTROL DEL SISTEMA
Número de control de sistema UPN01000119934
049 ## - COLECCIÓN
Colección CG
050 #4 - SIGNATURA TOPOGRÁFICA DE LA BIBLIOTECA DEL CONGRESO
Número de clasificación LC191.8 F8
Número de documento/Ítem D8.38
100 1# - ASIENTO PRINCIPAL--NOMBRE PERSONAL
Nombre de persona Dubet, Francois,
Fechas asociadas al nombre 1946-
9 (RLIN) 33819
245 10 - MENCIÓN DE TÍTULO
Título En la escuela :
Resto del título sociología de la experiencia escolar /
Mención de responsabilidad, etc. Francois Dubet, Danilo Martuccelli ; tr. Eduardo Gudiño Kieffer.
260 ## - PUBLICACIÓN, DISTRIBUCIÓN, ETC.
Lugar de publicación, distribución, etc. Barcelona, Esp. ;
Nombre del editor, distribuidor, etc. Buenos Aires :
Lugar de publicación, distribución, etc. Losada,
Fecha de publicación, distribución, etc. 1998.
300 ## - DESCRIPCIÓN FÍSICA
Extensión 489 p.
440 #0 - MENCIÓN DE SERIE/ASIENTO SECUNDARIO--TÍTULO
Título Biblioteca pedagógica
650 #4 - ASIENTO SECUNDARIO DE MATERIA - TERMINO TEMATICO
Término de materia o nombre geográfico como elemento de entrada SOCIOLOGIA DE LA EDUCACION -
Subdivisión geográfica FRANCIA
9 (RLIN) 13958
650 #4 - ASIENTO SECUNDARIO DE MATERIA - TERMINO TEMATICO
Término de materia o nombre geográfico como elemento de entrada Educación
Subdivisión general Aspectos sociales
Subdivisión geográfica Francia
9 (RLIN) 14755
700 1# - ASIENTO SECUNDARIO--NOMBRE DE PERSONAL
Nombre de persona Martuccelli, Danilo,
Fechas asociadas al nombre 1964-
Término indicativo de función/relación coaut.
9 (RLIN) 39139
905 ## - TIPO DE MATERIAL
Tipo de material Libro
Holdings
Estado de retiro Estado de pérdida Fuente del sistema de clasificación o colocación Estado dañado No para préstamo Código de colección Localización permanente Ubicación/localización actual Ubicación en estantería Total de préstamos Clasificación Código de barras En préstamo Fecha visto por última vez Número de copia Tipo de ítem Koha Fecha de adquisición Renovaciones totales Fecha del último préstamo Precio válido a partir de
    Library of Congress Classification     Colección General Bib. Gregorio Torres Quintero Bib. Gregorio Torres Quintero Planta baja 71 LC191.8 F8 D8.38 182749 21/04/2020 31/12/2020 1 Libro        
    Library of Congress Classification     Colección General Bib. Gregorio Torres Quintero Bib. Gregorio Torres Quintero Planta baja 2 LC191.8 F8 D8.38 333621   29/05/2024 Ej.2 Libro 03/02/2023 1 20/05/2024 03/02/2023